00643nam a2200229 a 4500001001300000003000900013005001700022008004100039020000900080082001300089100001200102245004400114260002500158300000900183500003500192505001000227650001900237902000800256942000700264952012700271999001500398nice12345678IN_TiNIC20260116012314.0050524s1986 dela grp 000 0 eng  ac3000a295bNAN aNancy,  aSugar in the Milkb the Parsis in India aDelhi bISPCK c1986 a149p aincludes index and biblioraphy2 aIndex aZoroastrianism bSRS cBK 001040708StackRoom-aHMIbHMId2007-07-26g30.00l2m1o295 NANp013033r2022-09-01s2022-08-22v30.00w2005-05-24yBK c6475d6475